Catálogo
 En Linea

Poesía Soviética. (Registro nro. 40536)

Detalles MARC
000 -CABECERA
campo de control de longitud fija 00316nam a2200121 a 4500
001 - NÚMERO DE CONTROL
campo de control 000041046
005 - FECHA Y HORA DE LA ÚLTIMA TRANSACCIÓN
campo de control 20201002034558.0
008 - DATOS DE LONGITUD FIJA--INFORMACIÓN GENERAL
campo de control de longitud fija 130916s1987 nq 000 0 spa d
040 ## - FUENTE DE LA CATALOGACIÓN
Centro catalogador/agencia de origen DO-SdBNP
Lengua de catalogación spa
Centro/agencia transcriptor BNPHU
245 00 - MENCIÓN DE TÍTULO
Título Poesía Soviética.
260 ## - PUBLICACIÓN, DISTRIBUCIÓN, ETC.
Lugar de publicación, distribución, etc. Managua :
Nombre del editor, distribuidor, etc. Nueva Nicaragua,
Fecha de publicación, distribución, etc. 1987.
300 ## - DESCRIPCIÓN FÍSICA
Extensión 719 p. ;
Dimensiones 25 cm.
Existencias
Estado de retiro Estado de pérdida Restricciones de uso No para préstamo Código de colección Localización permanente Ubicación/localización actual Ubicación en estantería Fecha de adquisición Número de inventario Total de préstamos Signatura topográfica completa Código de barras Fecha visto por última vez Precio válido a partir de Tipo de ítem Koha
      Excluido de préstamo Monografías: Libros y Folletos General General En catalogación 16.09.2013 LF1   41046-10 25.06.2020 25.06.2020 No se presta

Con tecnología Koha